Absolutism - Statistics

General Stats
  • This quiz has been taken 52 times
  • The average score is 25 of 67
Answer Stats
Hint Answer % Correct
A form of government where the ruler has complete control over the government and the lives of his people Absolute Monarchy
91%
characteristic of an absolute monarchy they have ____ right divine
84%
fleet of ships Armada
69%
rulers authority came straight from god Divine Right
66%
French protestants of 1500-1600 Huguenots
66%
French king considered to be the symbol of absolutism Louis XIV
59%
the __ years war 30
56%
Morning ritual for King Louis XIV Levee
56%
the morning ritual where king Louis made the Nobels dress hinm and stuff levee
56%
German born empress of Russia who led her country into becoming part of the political and cultural life of Europe Catherine the Great
53%
Armada fails in England and he loses to this queen Elizabeth I
53%
port city in northwestern Russia found by Peter the Great St. Petersburg
53%
King of the Spaniard's and king of Portuguese. Netherlands revolt and he fails to invade England under his rule Philip II
50%
rule of Spain/Netherlands, some of Italy and the Americas (his son) Philip II
50%
known as the ___ king sun
50%
Royal French residence and government location, established by King Louis XIV Versailles
50%
Catherine the great gets this sea black
47%
Law issued by French King Henry IV, giving freedom to Huguenots Edict of Nantes
47%
took place in manly ______ Germany
47%
famous family who ruled over spaina nd other places Hapsburg
47%
Charles V expels Muslims and ___ jews
47%
The Tsar of Russia who advanced them Peter the Great
47%
Adaption of western ideas westernization
47%
Distribution of military and economic power that prevents one nation becoming too strong Balance of Power
44%
Peter the Great got this sea Baltic
44%
govt whose power is defined by law constitutional monarchy
44%
King of Scotland, who became the king of England and Ireland, divine right and battled with parliament. James I
44%
Spanish novelist, playwriter, poet and wrote Dan Quixote Miguel de Cervantes
44%
He is a ___ of art patron
44%
Louis put France into heavy ____ debt
41%
William and ___ of Orange sign the English bill of rights Mary
41%
English soldier who led the forces against Charles the first and then became the Lord protector of England during the civil war Oliver Cromwell
41%
He fights Netherlands, England and the ___ empire ottoman
41%
she opened state sponsored ____ for kids schools
41%
Louis XIV rules for __ yrs 72
38%
what king abdicated the throne of Spain due to too much land Charles V
38%
Spanish Painter and sculptor El Greco
38%
Henry IV of England ____ from protestant to Catholicism converts
34%
___ _____ De la mancha was the birth of European modern novel ( written by Miguel Cervantes) Don quixote
31%
English protestant group who gets sent to the Americas puritan
31%
England becomes a _____ republic
31%
Louis XIII takes over by cardinal ______ is the real leader Richelieu
31%
he plans to spread ___ catholicism
28%
German and French king, holy roman emperor, conflicted with the pope. He was excommunicated but then reinstated Henry IV
28%
govt which a constitution or legislative body limits the monarchy's power limited monarchy
28%
a division into pieces Partition
28%
^espeiceally with all the ___ wars
28%
he people who followed the church were nicknamed cavaliers
25%
" _ __ ___ ____" he says I am the state
25%
Catherine partitioned ______and took control of its eastern lands Poland
25%
series of acts passed by parliament that limited the monarchy English bill of rights
22%
the people who followed parliament and the rebellion were nicknamed roundheads
22%
Port free of ice year round Warm Water Port
22%
Louis never called apon the ____ general estates
19%
the ______ revolution was them kicking (bronny)James II out without blood glorious
19%
parliament _____ Charles II to come back(he was lazy) invites
16%
Louis XIV takes over with cardinal _____ Mazarin
16%
restoration put the power in parliament
16%
this treaty ends the 30 years war peace of Westphalia
16%
addict of Nantes gave Huguenots religious ______ tolerance
16%
characteristic of an absolute monarchy No _____ __ ____ checks and balances
13%
The Nobels merchants peasants and poor invade Louis XIV palace and riot Fronde
13%
no person in prison without getting charged for a crime habeas corpus
13%
Pete was an _____ ruler autocratic
6%
characteristic of an absolute monarchy they have a _____ govt centralized
6%
she _________ overnment in provinces and codified laws reorganized
6%
religious freedoms tolerations acts
0%
No matching quizzes found
Score Distribution
Percent of People with Each Score
Percentile by Number Answered
Your Score History
You have not taken this quiz